| Tag |
First Indicator |
Second Indicator |
Subfields |
| LEADER |
00000cam a2200000 4500 |
| 001 |
in00000059051 |
| 005 |
20151008051017.0 |
| 008 |
720727s1963 eng u |
| 010 |
|
|
|a 64002025
|
| 035 |
|
|
|a (OCoLC)00367586
|
| 035 |
|
|
|9 AAG4989AM
|
| 040 |
|
|
|c WSU
|d TXA
|d UtOrBLW
|
| 049 |
|
|
|a TXAM
|c [403550]
|
| 050 |
|
0 |
|a B121
|b .T6
|
| 092 |
|
|
|a 181
|b T659o
|
| 100 |
1 |
|
|a Tomlin, E. W. F.
|q (Eric Walter Frederick),
|d 1913-1988.
|
| 245 |
1 |
4 |
|a The Oriental philosophers ;
|b an introduction.
|
| 264 |
|
1 |
|a New York :
|b Harper & Row,
|c [1963]
|
| 300 |
|
|
|a 323 pages
|
| 336 |
|
|
|a text
|b txt
|2 rdacontent
|
| 337 |
|
|
|a unmediated
|b n
|2 rdamedia
|
| 338 |
|
|
|a volume
|b nc
|2 rdacarrier
|
| 490 |
0 |
|
|a Harper colophon books
|
| 504 |
|
|
|a Bibliography: pages 315-316.
|
| 650 |
|
0 |
|a Philosophers, Oriental.
|
| 650 |
|
0 |
|a Philosophy, Asian.
|
| 999 |
|
|
|a MARS
|
| 999 |
f |
f |
|s 66253690-d8c1-367a-a122-6ab3694debda
|i 3552f760-11ab-3e1a-895b-55372557cfa1
|t 0
|
| 952 |
f |
f |
|p ric
|a Texas A&M University
|b Rellis Campus
|c Joint Library Facility
|d Remote Storage
|t 0
|e B121 .T6
|h Library of Congress classification
|i unmediated -- volume
|m A14800537622
|
| 998 |
f |
f |
|a B121 .T6
|t 0
|l Remote Storage
|